Lucha de clases

Kaydedildi:
Detaylı Bibliyografya
Müşterek Yazar: INCEP
Materyal Türü: Metin
Baskı/Yayın Bilgisi: Guatemala: INCEP
Etiketler: Etiketle
Etiket eklenmemiş, İlk siz ekleyin!

MARC

LEADER 00000 a a2200000 04500
001 23271
003
040
090 |a 161000  
110 |a INCEP  
245 |a Lucha de clases  
260 |a Guatemala:   |b INCEP  
300 |a p. irreg,   |b fonodiscos  
999 |c 10757  |d 10757